000 00392nam a2200145Ia 4500
008 191023s9999 xx 000 0 und d
020 _a9781337554053
100 _aLanda, Robin.
245 _cRobin Landa.--
_aGraphic design solutions /
250 _a6th ed
260 _aUSA :
_bCengage Learning
_c2019
300 _axviii, 440 pages.
650 _aCommercial art
650 _aGraphic arts
999 _c362293
_d362293